X-Men Actors - Statistics

General Stats
  • This quiz has been taken 39 times
  • The average score is 16 of 30
Answer Stats
Film Character Actor % Correct
X-Men Logan | Wolverine Hugh Jackman
100%
X-Men Charles Xavier | Professor X Patrick Stewart
90%
X-Men Ororo Munroe | Storm Halle Berry
87%
X-Men Erik Lehnsherr | Magneto Ian McKellen
83%
X-Men: First Class Charles Xavier James McAvoy
83%
X-Men: First Class Raven | Mystique Jennifer Lawrence
83%
X-Men Origins: Wolverine Wade Wilson Ryan Reynolds
80%
X-Men: First Class Erik Lehnsherr Michael Fassbender
73%
X-Men Scott Summers | Cyclops James Marsden
70%
Deadpool 2 Cable Josh Brolin
63%
X-Men: Days of Future Past Peter | Quicksilver Evan Peters
60%
X-Men: First Class Sebastian Shaw Kevin Bacon
60%
X-Men: First Class Hank | Beast Nicholas Hoult
60%
X-Men: Days of Future Past Kitty Pryde Elliot Page
50%
X-Men: Apocalypse En Sabah Nur | Apocalypse Oscar Isaac
50%
X-Men Rogue Anna Paquin
47%
X-Men: Apocalypse Jean Grey Sophie Turner
47%
X-Men: First Class Angel Salvadore Zoë Kravitz
47%
X-Men Origins: Wolverine Victor Creed Liev Schreiber
43%
X-Men Mystique Rebecca Romijn
43%
X2 William Stryker Brian Cox
40%
Dark Phoenix Vuk | Margaret Smith Jessica Chastain
40%
The New Mutants Illyana Rasputin | Magik Anya Taylor-Joy
37%
X-Men: The Last Stand Dr. Henry "Hank" McCoy | Beast Kelsey Grammer
37%
X-Men: Days of Future Past Dr. Bolivar Trask Peter Dinklage
37%
X-Men: First Class Moira MacTaggert Rose Byrne
33%
Deadpool Vanessa Carlysle Morena Baccarin
30%
X-Men: Apocalypse Psylocke Olivia Munn
27%
Deadpool Angel Dust Gina Carano
17%
The New Mutants Rahne Sinclair | Wolfsbane Maisie Williams
13%
No matching quizzes found
Score Distribution
Percent of People with Each Score
Percentile by Number Answered
Your Score History
You have not taken this quiz